[Event "Deutsche Meisterschaft 2013"]
[Site "Saarbrücken"]
[Date "2013.09.14"]
[Round "9.4"]
[White "Buhmann, Rainer"]
[Black "Fridman, Daniel"]
[Result "1/2-1/2"]
[WhiteElo "2580"]
[BlackElo "2614"]
[PlyCount "81"]
[EventDate "2013.09.05"]

1. Nf3 d5 2. d4 Nf6 3. c4 dxc4 4. e3 e6 5. Bxc4 c5 6. O-O a6 7. dxc5 Qxd1 8.
Rxd1 Bxc5 9. Be2 Nbd7 10. Nbd2 b6 11. b3 Bb7 12. Nc4 O-O 13. Bb2 Bd5 14. Rac1
Rfc8 15. Kf1 Kf8 16. h3 Ke8 17. Bd4 b5 18. Bxc5 bxc4 19. Bd4 cxb3 20. Rxc8+
Rxc8 21. axb3 Bxb3 22. Ra1 Bc4 23. Bxc4 Rxc4 24. Rxa6 Rc1+ 25. Ne1 Rb1 26. Ra1
Rxa1 27. Bxa1 Kf8 28. Nd3 Ne4 29. Ke2 f6 30. f3 Nec5 31. Nxc5 Nxc5 32. Bd4 Nd7
33. e4 e5 34. Be3 Kf7 35. Kd3 Nf8 36. Ke2 Ne6 37. Kf2 Nf8 38. Ke2 Ne6 39. Kf2
Ke7 40. Ke2 Kd6 41. Kf2 1/2-1/2

[Event "Deutsche Meisterschaft 2013"]
[Site "Saarbrücken"]
[Date "2013.09.14"]
[Round "9.5"]
[White "Lubbe, Nikolas"]
[Black "Krämer, Martin"]
[Result "0-1"]
[WhiteElo "2432"]
[BlackElo "2542"]
[PlyCount "102"]
[EventDate "2013.09.05"]

1. e4 c5 2. Nf3 d6 3. d4 cxd4 4. Nxd4 Nf6 5. Nc3 a6 6. Be3 e5 7. Nb3 Be6 8. f3
Nbd7 9. Qd2 h5 10. Nd5 Bxd5 11. exd5 g6 12. O-O-O Rc8 13. Kb1 Bg7 14. c4 b6 15.
Be2 Nc5 16. Nxc5 bxc5 17. Rde1 Rb8 18. Bd1 Nd7 19. b3 Nb6 20. Kc1 O-O 21. Bc2
a5 22. a4 Nd7 23. h4 f5 24. Bg5 Qe8 25. Kd1 Rb4 26. Qe2 Nf6 27. Bd2 Qf7 28.
Bxb4 cxb4 29. Rhg1 Bh6 30. g3 Qa7 31. Rg2 Qd4+ 32. Qd3 Qc5 33. Ree2 Re8 34. Ke1
e4 35. Qd1 Be3 36. fxe4 fxe4 37. g4 hxg4 38. Qa1 Kg7 39. Rg3 Bf4 40. Rgg2 Be5
41. Qb1 Bc3+ 42. Kd1 Qd4+ 43. Kc1 Re5 44. Rgf2 Rf5 45. Rxf5 gxf5 46. Bd1 f4 47.
Qc2 f3 48. Rh2 g3 49. Rh3 g2 50. Rg3+ Kf7 51. Bxf3 Qe3+ 0-1

[Event "Deutsche Meisterschaft 2013"]
[Site "Saarbrücken"]
[Date "2013.09.14"]
[Round "9.6"]
[White "Blübaum, Matthias"]
[Black "Poetsch, Hagen"]
[Result "1/2-1/2"]
[WhiteElo "2514"]
[BlackElo "2468"]
[PlyCount "83"]
[EventDate "2013.09.05"]

1. d4 d5 2. c4 c6 3. Nc3 Nf6 4. e3 a6 5. Qc2 e6 6. Nf3 c5 7. cxd5 exd5 8. Be2
Nc6 9. O-O Be6 10. Rd1 Nb4 11. Qb1 Qc8 12. Bd2 Bf5 13. Qc1 c4 14. a3 Nc6 15. b3
b5 16. bxc4 bxc4 17. e4 Bxe4 18. Re1 Bd6 19. Bxc4 O-O 20. Nxe4 dxe4 21. Ng5
Nxd4 22. Nxe4 Be5 23. Rb1 Qf5 24. Bd3 Rac8 25. Qd1 Rfe8 26. h3 Nxe4 27. Bxe4
Bh2+ 28. Kxh2 Rxe4 29. Rxe4 Qxe4 30. Qg4 Qxg4 31. hxg4 f6 32. Rb6 Rc6 33. Rxc6
Nxc6 34. Kg3 Kf7 35. Kf4 Ke6 36. Ke4 g6 37. Bc3 f5+ 38. gxf5+ gxf5+ 39. Kf4 Nd8
40. Ba5 Nf7 41. Bc7 Nh6 42. f3 1/2-1/2

[Event "Deutsche Meisterschaft 2013"]
[Site "Saarbrücken"]
[Date "2013.09.14"]
[Round "9.7"]
[White "Litwak, Aleksej"]
[Black "Oberhofer, Andre"]
[Result "1/2-1/2"]
[WhiteElo "2230"]
[BlackElo "2329"]
[PlyCount "80"]
[EventDate "2013.09.05"]

1. e4 e5 2. Nf3 Nc6 3. Bb5 Nf6 4. O-O Nxe4 5. Qe2 Ng5 6. Bxc6 dxc6 7. Qxe5+ Ne6
8. Re1 Be7 9. Nc3 O-O 10. d3 Re8 11. Ne4 Qd5 12. Qg3 Bd7 13. Bd2 f5 14. Neg5
Bd6 15. Qh4 Nxg5 16. Qxg5 h6 17. Qg6 Re6 18. Rxe6 Qxe6 19. Qxe6+ Bxe6 20. Re1
Re8 21. Bc3 Kf7 22. Ne5+ Bxe5 23. Rxe5 g6 24. a3 Ba2 25. Rxe8 Kxe8 26. Bg7 h5
27. c3 c5 28. Kf1 Kd7 29. Ke2 Ke6 30. Ke3 Bd5 31. g3 c4 32. dxc4 Bxc4 33. Kd4
Bf1 34. h4 a5 35. b4 axb4 36. cxb4 b5 37. Kc5 Kd7 38. Kd5 c6+ 39. Ke5 Ke7 40.
Bf6+ Kf7 1/2-1/2

[Event "Deutsche Meisterschaft 2013"]
[Site "Saarbrücken"]
[Date "2013.09.14"]
[Round "9.8"]
[White "Kopylov, Michael"]
[Black "Colpe, Malte"]
[Result "1-0"]
[WhiteElo "2457"]
[BlackElo "2338"]
[PlyCount "123"]
[EventDate "2013.09.05"]

1. e4 c5 2. Nf3 d6 3. d4 cxd4 4. Nxd4 Nf6 5. Nc3 a6 6. f4 Qc7 7. Bd3 g6 8. Nf3
Bg7 9. O-O O-O 10. Qe1 Nc6 11. Qh4 Bg4 12. f5 Bxf3 13. Rxf3 Ne5 14. Rh3 Neg4
15. Nd5 Qd8 16. Bg5 h5 17. Rf1 Nxd5 18. exd5 Qb6+ 19. Kh1 Qxb2 20. Bxe7 Bf6 21.
Bxf6 Qxf6 22. Qxf6 Nxf6 23. fxg6 fxg6 24. Bxg6 Nxd5 25. Bd3 Rxf1+ 26. Bxf1 Nf6
27. Rb3 Rc8 28. Bd3 b5 29. Kg1 Rc5 30. Ra3 Rc6 31. Kf2 Kf7 32. Ra5 Ng4+ 33. Ke2
Nxh2 34. a4 Ng4 35. axb5 axb5 36. Rxb5 Nf6 37. Ke3 Rc8 38. Kf4 Rg8 39. Kf5 Rd8
40. Rb7+ Rd7 41. Rxd7+ Nxd7 42. Kg5 Ne5 43. Be2 h4 44. Kxh4 Kf6 45. Bd3 Nf7 46.
Bc4 Ng5 47. Kg4 Ne4 48. Kf4 Ng5 49. Bd5 Nh7 50. Bc4 Ng5 51. Bd3 Nf7 52. Ke4
Ng5+ 53. Kd5 Ke7 54. Bf5 Nf7 55. Bh7 Nh6 56. Bg6 Ng4 57. Ke4 Kf6 58. Kf4 Nf2
59. Bh5 d5 60. Bf3 d4 61. Be2 Nh1 62. Kf3 1-0

[Event "Deutsche Meisterschaft 2013"]
[Site "Saarbrücken"]
[Date "2013.09.14"]
[Round "9.9"]
[White "Plischki, Sebastian"]
[Black "Braun, Christian"]
[Result "1-0"]
[WhiteElo "2436"]
[BlackElo "2362"]
[PlyCount "59"]
[EventDate "2013.09.05"]

1. d4 g6 2. c4 Bg7 3. e4 d6 4. Nc3 e5 5. Nge2 Nc6 6. Be3 Nh6 7. d5 Ne7 8. h3 f5
9. g3 O-O 10. Qd2 Nf7 11. Bg2 fxe4 12. g4 c6 13. Nxe4 cxd5 14. cxd5 b5 15. Ng5
Nxg5 16. Bxg5 Bb7 17. O-O Bf6 18. Be3 Nc8 19. Rac1 Nb6 20. b3 Qd7 21. f4 exf4
22. Nxf4 Bg5 23. Qd3 Rae8 24. Bd2 Bxf4 25. Bxf4 Re7 26. Bh6 Rxf1+ 27. Rxf1 Re8
28. Be4 Kh8 29. Qd4+ Kg8 30. Qf6 1-0

[Event "Deutsche Meisterschaft 2013"]
[Site "Saarbrücken"]
[Date "2013.09.14"]
[Round "9.10"]
[White "Jugelt, Tobias"]
[Black "Pfretzschner, Roland"]
[Result "1-0"]
[WhiteElo "2429"]
[BlackElo "2232"]
[PlyCount "67"]
[EventDate "2013.09.05"]

1. d4 Nf6 2. c4 c5 3. d5 b5 4. Nf3 g6 5. Nbd2 bxc4 6. e4 c3 7. bxc3 d6 8. Bb5+
Bd7 9. a4 Bg7 10. O-O O-O 11. Qc2 Nh5 12. Re1 Bg4 13. Ra3 h6 14. h3 Bxf3 15.
Nxf3 a6 16. Bf1 Nd7 17. Be3 g5 18. Qd2 Ne5 19. Nxe5 Bxe5 20. g3 Kh8 21. Be2 Nf6
22. f4 gxf4 23. gxf4 Nxe4 24. Qc2 Bxc3 25. Rxc3 Nxc3 26. Qxc3+ f6 27. Kh2 Rg8
28. f5 Qd7 29. Qc2 Kh7 30. Qe4 Rab8 31. Qh4 Rg5 32. Bxg5 fxg5 33. Qh5 Qxf5 34.
Bd3 1-0

[Event "Deutsche Meisterschaft 2013"]
[Site "Saarbrücken"]
[Date "2013.09.14"]
[Round "9.11"]
[White "Schleining, Zoya"]
[Black "Carow, Johannes"]
[Result "1/2-1/2"]
[WhiteElo "2377"]
[BlackElo "2375"]
[PlyCount "96"]
[EventDate "2013.09.05"]

1. Nf3 c5 2. c4 b6 3. g3 Bb7 4. Bg2 Nf6 5. O-O e6 6. Nc3 d6 7. d4 cxd4 8. Nxd4
Bxg2 9. Kxg2 Qc8 10. Bg5 Be7 11. Bxf6 Bxf6 12. Ne4 Be7 13. Qa4+ Qd7 14. Qb5 f5
15. Nc3 Qxb5 16. cxb5 Kf7 17. e4 fxe4 18. Nxe4 d5 19. Nd2 Bf6 20. N2f3 e5 21.
Ne2 Nd7 22. Rad1 d4 23. Nd2 a6 24. bxa6 Rxa6 25. a3 Nc5 26. Nc1 Re8 27. Rfe1
Ke6 28. Ne4 Kd5 29. Na2 Raa8 30. Nb4+ Ke6 31. Nxf6 gxf6 32. Rxd4 Rad8 33. Rxd8
Rxd8 34. Re2 Nd3 35. Nxd3 Rxd3 36. Re3 Rxe3 37. fxe3 Kd5 38. b3 Ke4 39. a4 Kxe3
40. b4 Kd4 41. a5 bxa5 42. bxa5 Kc5 43. g4 h6 44. Kf3 Kb5 45. Ke4 Kxa5 46. h4
Kb5 47. g5 fxg5 48. hxg5 hxg5 1/2-1/2

[Event "Deutsche Meisterschaft 2013"]
[Site "Saarbrücken"]
[Date "2013.09.14"]
[Round "9.12"]
[White "Schöne, Ralf"]
[Black "Schlenker, Jörg"]
[Result "1/2-1/2"]
[WhiteElo "2345"]
[BlackElo "2217"]
[PlyCount "43"]
[EventDate "2013.09.05"]

1. d4 g6 2. c4 Bg7 3. Nc3 c5 4. d5 Bxc3+ 5. bxc3 f5 6. h3 Nf6 7. g4 e5 8. d6
Qa5 9. e3 Nc6 10. Bd2 b6 11. gxf5 gxf5 12. Qf3 Bb7 13. Qxf5 Rf8 14. f3 O-O-O
15. h4 Rde8 16. h5 Qa4 17. Qb1 Na5 18. Qb5 Qc2 19. Qb1 Qa4 20. Qb5 Qc2 21. Qb1
Qa4 22. Qb5 1/2-1/2

[Event "Deutsche Meisterschaft 2013"]
[Site "Saarbrücken"]
[Date "2013.09.14"]
[Round "9.13"]
[White "Zieher, Hartmut"]
[Black "Tabatt, Hendrik"]
[Result "1-0"]
[WhiteElo "2300"]
[BlackElo "2303"]
[PlyCount "79"]
[EventDate "2013.09.05"]

1. e4 e5 2. Nf3 Nc6 3. Bb5 a6 4. Ba4 Nf6 5. O-O Bc5 6. c3 O-O 7. d4 Ba7 8. Bg5
h6 9. Bh4 d6 10. Bxc6 bxc6 11. dxe5 dxe5 12. Nxe5 g5 13. Bg3 Qxd1 14. Rxd1 Bb7
15. Nd2 Rae8 16. Re1 Re6 17. Nec4 Rfe8 18. Bxc7 Ng4 19. Bb6 Bb8 20. h3 Nf6 21.
f3 h5 22. Nb3 Nd7 23. Be3 g4 24. hxg4 hxg4 25. Rad1 Bc8 26. Kf2 g3+ 27. Kf1 Ne5
28. Nxe5 Bxe5 29. Nd4 Rf6 30. Ne2 Bc7 31. Bg5 Rg6 32. Bf4 Bd8 33. Bxg3 Kh7 34.
Bf4 Reg8 35. g4 Bxg4 36. fxg4 Rxg4 37. Rd3 Rh4 38. Kf2 Bb6+ 39. Kf3 Rh3+ 40.
Bg3 1-0

[Event "Deutsche Meisterschaft 2013"]
[Site "Saarbrücken"]
[Date "2013.09.14"]
[Round "9.14"]
[White "Marcziter, Dmitrii"]
[Black "Krassowizkij, Jaroslaw"]
[Result "0-1"]
[WhiteElo "2265"]
[BlackElo "2381"]
[PlyCount "72"]
[EventDate "2013.09.05"]

1. d4 Nf6 2. Nf3 g6 3. c4 Bg7 4. g3 d5 5. cxd5 Nxd5 6. Bg2 Nb6 7. O-O Nc6 8.
Qc2 Bf5 9. e4 Bg4 10. d5 Bxf3 11. dxc6 Bxg2 12. Kxg2 Qc8 13. a4 a5 14. Bf4 O-O
15. Rd1 bxc6 16. Qxc6 Qe6 17. Qxe6 fxe6 18. Ra2 c5 19. Bc7 Ra6 20. Na3 Bd4 21.
f3 Nxa4 22. Nc4 Rc8 23. Bf4 Nb6 24. Rxa5 Rxa5 25. Nxa5 e5 26. Bd2 c4 27. Bc3
Na4 28. Rc1 Bb6 29. Ra1 Nxc3 30. bxc3 Rc7 31. Ra3 Bc5 32. Ra4 Ra7 33. Rxc4 Rxa5
34. f4 Kf7 35. f5 g5 36. g4 Ke8 0-1

[Event "Deutsche Meisterschaft 2013"]
[Site "Saarbrücken"]
[Date "2013.09.14"]
[Round "9.15"]
[White "Bastian, Herbert"]
[Black "Schwarz, Frank"]
[Result "0-1"]
[WhiteElo "2339"]
[BlackElo "2249"]
[PlyCount "60"]
[EventDate "2013.09.05"]

1. e4 e6 2. d4 d5 3. e5 c5 4. c3 Nc6 5. Nf3 Qb6 6. a3 Bd7 7. b4 cxd4 8. cxd4
Rc8 9. Be3 Nge7 10. Bd3 Nf5 11. Nbd2 Nce7 12. O-O Bb5 13. Qe2 Bxd3 14. Qxd3 a6
15. Rac1 Nc6 16. Nb3 Nxe3 17. fxe3 Be7 18. Nc5 Rc7 19. Rc3 O-O 20. Rfc1 Rfc8
21. Na4 Qb5 22. Qd1 b6 23. Nb2 Bd8 24. Qd2 h6 25. Nd3 a5 26. Kf2 axb4 27. Qb2
Nxe5 28. Nxb4 Ng4+ 29. Kg1 Nxe3 30. Kf2 Rxc3 0-1

[Event "Deutsche Meisterschaft 2013"]
[Site "Saarbrücken"]
[Date "2013.09.14"]
[Round "9.16"]
[White "Seyfried, Claus"]
[Black "Vatter, Hans-Joachim"]
[Result "1/2-1/2"]
[WhiteElo "2185"]
[BlackElo "2288"]
[PlyCount "51"]
[EventDate "2013.09.05"]

1. e4 c5 2. Nf3 Nf6 3. e5 Nd5 4. d4 cxd4 5. Qxd4 e6 6. Bc4 Nc6 7. Qe4 Nb6 8.
Bb3 d5 9. exd6 Bxd6 10. O-O h6 11. Nc3 Qe7 12. Qe2 O-O 13. Ne4 e5 14. Nxd6 Qxd6
15. c3 Be6 16. Rd1 Qe7 17. Be3 Nd7 18. Qb5 Rfb8 19. Bxe6 Qxe6 20. Qd5 Qxd5 21.
Rxd5 Nf6 22. Rd6 Ne4 23. Rd7 Nf6 24. Rd6 Ne4 25. Rd7 Nf6 26. Rd6 1/2-1/2

[Event "Deutsche Meisterschaft 2013"]
[Site "Saarbrücken"]
[Date "2013.09.14"]
[Round "9.17"]
[White "Paul, Johannes"]
[Black "Frischmann, Rick"]
[Result "1/2-1/2"]
[WhiteElo "2227"]
[BlackElo "2230"]
[PlyCount "67"]
[EventDate "2013.09.05"]

1. c4 Nf6 2. g3 c6 3. Bg2 g6 4. e4 d6 5. Nc3 Bg7 6. d4 O-O 7. Nf3 a6 8. a4 a5
9. O-O Bg4 10. h3 Bxf3 11. Bxf3 Qc7 12. Be3 Nbd7 13. Qc2 e5 14. Rad1 Ne8 15.
dxe5 dxe5 16. Bg4 Nef6 17. Bxd7 Nxd7 18. Rd3 Bf6 19. Rfd1 Rfd8 20. Nb1 Be7 21.
c5 Nf8 22. Rxd8 Rxd8 23. Rxd8 Qxd8 24. Nd2 Ne6 25. h4 Bxc5 26. Bxc5 Nxc5 27.
Qxc5 Qxd2 28. Qxe5 Qd1+ 29. Kh2 Qxa4 30. Qe8+ Kg7 31. Qe5+ Kg8 32. Qe8+ Kg7 33.
Qe5+ Kg8 34. Qe8+ 1/2-1/2

[Event "Deutsche Meisterschaft 2013"]
[Site "Saarbrücken"]
[Date "2013.09.14"]
[Round "9.18"]
[White "Braun, Vitali"]
[Black "Jussupow, Nadia"]
[Result "1-0"]
[WhiteElo "2403"]
[BlackElo "2156"]
[PlyCount "57"]
[EventDate "2013.09.05"]

1. d4 Nf6 2. c4 g6 3. Nc3 d5 4. Nf3 Bg7 5. Qb3 dxc4 6. Qxc4 O-O 7. e4 Na6 8.
Be2 c5 9. d5 e6 10. O-O exd5 11. exd5 Re8 12. Bg5 h6 13. Bh4 Bf5 14. Rad1 Qb6
15. Bd3 Bd7 16. b3 Nc7 17. Rfe1 a6 18. a4 Qb4 19. Bxf6 Bxf6 20. Ne4 Bg7 21.
Nxc5 Qxc4 22. Bxc4 Bf5 23. Nxb7 Reb8 24. Nc5 Bf8 25. d6 Ne8 26. Nxa6 Rd8 27.
Rxe8 Rxe8 28. Nc7 Bc2 29. Rd2 1-0

[Event "Deutsche Meisterschaft 2013"]
[Site "Saarbrücken"]
[Date "2013.09.14"]
[Round "9.19"]
[White "Müller, Reinhold"]
[Black "Schellmann, Frank"]
[Result "0-1"]
[WhiteElo "2249"]
[BlackElo "2098"]
[PlyCount "62"]
[EventDate "2013.09.05"]

1. d4 Nf6 2. c4 g6 3. Nc3 d5 4. Nf3 Bg7 5. e3 O-O 6. Bd3 c5 7. O-O cxd4 8. exd4
Nc6 9. h3 dxc4 10. Bxc4 Na5 11. Bd3 Be6 12. Re1 Rc8 13. Bg5 Nd5 14. Ne4 h6 15.
Bh4 Nf4 16. Nc5 Rxc5 17. dxc5 Nxd3 18. Bxe7 Qxe7 19. Qxd3 Qxc5 20. Rac1 Qf5 21.
Qa3 Nc6 22. Rc5 Qf6 23. Rb5 Bc8 24. Nd2 a6 25. Ne4 Qd4 26. Rb3 Rd8 27. Rf3 Qxb2
28. Qc5 Bd4 29. Qc4 Bf5 30. Ng3 Ne5 31. Rxe5 Bxe5 0-1

[Event "Deutsche Meisterschaft 2013"]
[Site "Saarbrücken"]
[Date "2013.09.14"]
[Round "9.20"]
[White "Schreiber, Kevin"]
[Black "Commercon, Simon"]
[Result "1-0"]
[WhiteElo "1920"]
[BlackElo "2187"]
[PlyCount "99"]
[EventDate "2013.09.05"]

1. d4 d6 2. Nf3 g6 3. g3 Bg7 4. Bg2 Nf6 5. O-O O-O 6. c4 Nbd7 7. Qc2 c6 8. Rd1
Re8 9. Nc3 a6 10. e4 e5 11. b3 Qa5 12. Bb2 Nf8 13. a3 Bg4 14. b4 Qc7 15. dxe5
dxe5 16. Na4 Bxf3 17. Bxf3 Ne6 18. c5 Rad8 19. Rxd8 Rxd8 20. Rd1 Ng5 21. Rxd8+
Qxd8 22. Bg2 Ne8 23. Nb6 Ne6 24. Nc4 Nd4 25. Qd3 Nc7 26. Bxd4 exd4 27. Nd6 Qb8
28. Qc4 Ne6 29. f4 b5 30. Qb3 Qc7 31. Bh3 Nd8 32. e5 Bf8 33. Qd3 a5 34. Qxd4
axb4 35. Ne8 Qa7 36. Nf6+ Kg7 37. axb4 Be7 38. Ne4 Qa2 39. Nd6 Ne6 40. Bxe6
fxe6 41. Qe4 Qd2 42. h4 Bd8 43. Qxc6 Qe1+ 44. Kg2 Bxh4 45. Qd7+ Kh6 46. Nf7+
Kh5 47. Qd3 Bxg3 48. Qxg3 Qe2+ 49. Kh3 Qf1+ 50. Qg2 1-0

[Event "Deutsche Meisterschaft 2013"]
[Site "Saarbrücken"]
[Date "2013.09.14"]
[Round "9.21"]
[White "Bär, Sören"]
[Black "Lochte, Thomas"]
[Result "1/2-1/2"]
[WhiteElo "2139"]
[BlackElo "2141"]
[PlyCount "82"]
[EventDate "2013.09.05"]

1. d4 Nf6 2. Nf3 g6 3. c4 c5 4. g3 cxd4 5. Nxd4 Nc6 6. Nc2 Bg7 7. Bg2 h5 8. h4
Ne5 9. Ne3 Nfg4 10. Nxg4 hxg4 11. Nd2 Qc7 12. Qc2 d6 13. Rb1 Bf5 14. Be4 Bxe4
15. Qxe4 Qc6 16. b3 f5 17. Qxc6+ bxc6 18. Nf1 Rb8 19. Ne3 Kd7 20. Bb2 a5 21.
Bxe5 Bxe5 22. Kd2 Bd4 23. Rhf1 e5 24. Nc2 Bb6 25. e3 g5 26. hxg5 Rh2 27. Ke2 f4
28. Rg1 Rf8 29. Rbf1 f3+ 30. Kd2 Ke6 31. Ne1 e4 32. Nc2 Ke5 33. g6 Kf6 34. g7
Kxg7 35. Rh1 Rfh8 36. Rxh2 Rxh2 37. Nd4 Bxd4 38. exd4 Kf6 39. Ke3 Kf5 40. Rd1
Rh8 41. Rb1 Rb8 1/2-1/2